[Event "Zalakarosi Sakkfesztivál open"]
[Site "Zalakaros"]
[Date "2018.05.31"]
[Round "7.19"]
[White "Gombocz, Ferenc Jr."]
[Black "Vegh, Endre"]
[Result "1-0"]
[WhiteElo "2077"]
[BlackElo "2264"]
[PlyCount "145"]
[EventDate "2018.05.25"]
[EventType "swiss"]
[EventRounds "9"]
[EventCountry "HUN"]

1. c4 b6 2. Nc3 Bb7 3. e4 e6 4. Nge2 Nf6 5. d3 d5 6. cxd5 exd5 7. e5 Nfd7 8. d4
Bb4 9. a3 Bxc3+ 10. Nxc3 O-O 11. f4 c5 12. Nb5 cxd4 13. Nd6 Nc5 14. Nxb7 Nxb7
15. b4 a5 16. Bd2 f6 17. Qg4 fxe5 18. fxe5 Re8 19. Be2 d3 20. Bxd3 Rxe5+ 21.
Kd1 Nd7 22. Rc1 axb4 23. axb4 Nd6 24. Bf4 Ne4 25. Rf1 Ndf6 26. Qh4 Rh5 27. Qe1
Ra3 28. Be2 Rf5 29. g4 Rxf4 30. Rxf4 Qd6 31. Rf3 Ra2 32. g5 Nxg5 33. Rfc3 h6
34. R3c2 Ra7 35. Qg3 Qe7 36. Qb8+ Kh7 37. Bd3+ Nge4 38. Qxb6 Ra3 39. Qd4 Qd7
40. Bxe4+ Nxe4 41. Rg2 Qf7 42. Ke1 Rf3 43. Ke2 Rf4 44. Ke3 Rf3+ 45. Ke2 Rf6 46.
Rcg1 Qh5+ 47. Ke1 Qh4+ 48. Kd1 g5 49. Kc2 Rc6+ 50. Kb2 Qf4 51. Rc2 Rxc2+ 52.
Kxc2 Qxh2+ 53. Kb3 Nd2+ 54. Ka4 Nf3 55. Qd3+ Kg7 56. Rc1 Qf4 57. Rc6 Ne5 58.
Rc7+ Nf7 59. Rd7 g4 60. Rxd5 g3 61. Rf5 Qc7 62. Rf3 Qa7+ 63. Kb3 g2 64. Rg3+
Ng5 65. Rxg2 Qf7+ 66. Kb2 Qb7 67. Qd4+ Kg6 68. Rf2 Qc6 69. Rc2 Qa6 70. Qc3 Qf1
71. Qc6+ Kg7 72. b5 Qf4 73. Qc7+ 1-0

[Event "Zalakarosi Sakkfesztivál open"]
[Site "Zalakaros"]
[Date "2018.05.31"]
[Round "7.21"]
[White "Geher, Koppany"]
[Black "Pasti, Aron"]
[Result "1/2-1/2"]
[WhiteElo "2257"]
[BlackElo "2064"]
[PlyCount "94"]
[EventDate "2018.05.25"]
[EventType "swiss"]
[EventRounds "9"]
[EventCountry "HUN"]

1. e4 e5 2. Nf3 Nc6 3. Bb5 a6 4. Ba4 Nf6 5. O-O d6 6. Re1 b5 7. Bb3 Be7 8. a4
b4 9. a5 O-O 10. d3 Bg4 11. Nbd2 Nd4 12. Ba2 c5 13. h3 Be6 14. Nc4 Nc6 15. Nb6
Rb8 16. Bxe6 fxe6 17. Nc4 h6 18. c3 Qc7 19. Qa4 Rb5 20. Bd2 b3 21. Na3 Rb7 22.
d4 exd4 23. cxd4 Nxd4 24. Nxd4 cxd4 25. Rac1 Qd7 26. Qxd4 d5 27. exd5 Bxa3 28.
bxa3 Qxd5 29. Qe3 b2 30. Rb1 Rb3 31. Qxe6+ Qxe6 32. Rxe6 Rd8 33. Bb4 Rc8 34.
Kf1 Nd5 35. Re2 Nxb4 36. axb4 Rc1+ 37. Re1 Rxb1 38. Rxb1 Rxb4 39. Ke2 Rb5 40.
Kd2 Kf7 41. Kc3 Rxa5 42. Rxb2 Ra1 43. Kd4 a5 44. Rb7+ Kg6 45. Ra7 a4 46. Ke4 a3
47. Kf4 a2 1/2-1/2

[Event "Zalakarosi Sakkfesztivál open"]
[Site "Zalakaros"]
[Date "2018.05.31"]
[Round "7.22"]
[White "Papp, Gellert"]
[Black "Horak, Jiri"]
[Result "0-1"]
[WhiteElo "2325"]
[BlackElo "2131"]
[PlyCount "64"]
[EventDate "2018.05.25"]
[EventType "swiss"]
[EventRounds "9"]
[EventCountry "HUN"]

1. e4 e5 2. Nf3 Nc6 3. Bb5 a6 4. Ba4 Nf6 5. O-O Be7 6. Re1 b5 7. Bb3 O-O 8. c3
d6 9. h3 Bb7 10. d4 Na5 11. Bc2 Nd7 12. Nbd2 c5 13. d5 b4 14. c4 Bc8 15. b3 Nf6
16. Nf1 h6 17. N3h2 Nh7 18. f4 exf4 19. Bxf4 Bg5 20. Bg3 f5 21. e5 dxe5 22.
Bxe5 Ra7 23. Nf3 Bf6 24. Ng3 Raf7 25. Qd3 Ng5 26. Nxg5 Bxg5 27. Nh5 Nb7 28. d6
g6 29. Nf4 Bxf4 30. Bxf4 Kh7 31. Bd1 Qh4 32. Be5 Qxe1+ 0-1

[Event "Zalakarosi Sakkfesztivál open"]
[Site "Zalakaros"]
[Date "2018.05.31"]
[Round "7.23"]
[White "Boronyak, Arpad"]
[Black "Kernazhitsky, Leonid"]
[Result "0-1"]
[WhiteElo "2153"]
[BlackElo "2250"]
[PlyCount "104"]
[EventDate "2018.05.25"]
[EventType "swiss"]
[EventRounds "9"]
[EventCountry "HUN"]

1. e4 d5 2. exd5 Qxd5 3. Nc3 Qd6 4. Nf3 Nf6 5. d4 c6 6. Be2 Bg4 7. O-O e6 8. h3
Bxf3 9. Bxf3 Be7 10. g3 O-O 11. Bf4 Qb4 12. Rb1 Nbd7 13. Re1 Qa5 14. a3 Rac8
15. Qe2 Rfe8 16. Ne4 Nxe4 17. Bxe4 Nf6 18. Bd3 Qd8 19. Rbd1 b5 20. c3 Nd5 21.
Qe4 g6 22. h4 Bf8 23. Kg2 Bg7 24. h5 Nf6 25. Qf3 Nxh5 26. Be5 f6 27. Bf4 Qe7
28. Bc1 f5 29. g4 fxg4 30. Qxg4 Qf7 31. Re2 Rcd8 32. Bg5 Rd5 33. Be4 Rxg5 34.
Qxg5 Nf4+ 35. Kf1 Nxe2 36. Kxe2 e5 37. d5 c5 38. d6 Bf6 39. Qe3 Qc4+ 40. Ke1
Kg7 41. Bd5 Qf4 42. Qxc5 e4 43. Qc7+ Kh6 44. Rd2 Bg5 45. Rd4 Rf8 46. Qd7 Qxf2+
47. Kd1 Qg2 48. Bf7 Qf1+ 49. Kc2 Rxf7 50. Qe8 Rf2+ 51. Kb3 Rxb2+ 52. Kxb2 Qc1+
0-1

[Event "Zalakarosi Sakkfesztivál open"]
[Site "Zalakaros"]
[Date "2018.05.31"]
[Round "7.24"]
[White "Ongut, Tamas Gunes"]
[Black "Jamrich, Gyorgy"]
[Result "1/2-1/2"]
[WhiteElo "2130"]
[BlackElo "2213"]
[PlyCount "127"]
[EventDate "2018.05.25"]
[EventType "swiss"]
[EventRounds "9"]
[EventCountry "HUN"]

1. e4 d6 2. d4 Nf6 3. Nc3 c6 4. f4 g6 5. Nf3 Bg7 6. Bd3 O-O 7. O-O b5 8. a4 b4
9. Ne2 a5 10. e5 Nd5 11. Ng3 Ba6 12. Ng5 Qb6 13. Kh1 Qxd4 14. Nxh7 Rd8 15. Ng5
Bxd3 16. cxd3 e6 17. Qf3 Nd7 18. Ne2 Qa7 19. d4 Nf8 20. Ne4 c5 21. Nxd6 cxd4
22. Nb5 Qb6 23. Nexd4 Rac8 24. Be3 Nd7 25. Bg1 Qb8 26. Nd6 Rc7 27. Rac1 Rxc1
28. Rxc1 Rf8 29. Nc6 Qa8 30. Qe4 Bh6 31. Be3 Qa6 32. Nd4 N7f6 33. exf6 Qxd6 34.
Nb5 Qb8 35. Bd4 Bxf4 36. Rc6 Rc8 37. Qc2 Rxc6 38. Qxc6 Qd8 39. g3 Bg5 40. Nd6
Bxf6 41. Nb7 Qb8 42. Bxf6 Nxf6 43. Nd6 b3 44. Qc8+ Qxc8 45. Nxc8 Nd7 46. Ne7+
Kg7 47. Nc6 Nc5 48. Nxa5 Nxa4 49. Nxb3 Nxb2 50. Kg2 e5 51. Kf3 f5 52. g4 Kf6
53. gxf5 gxf5 54. Nc5 Nc4 55. h4 Nd6 56. Nd7+ Ke6 57. Nf8+ Ke7 58. Ng6+ Kf6 59.
Nf8 Nf7 60. Kg3 Nh6 61. Nh7+ Kg6 62. Nf8+ Kh5 63. Nd7 Nf7 64. Nxe5 1/2-1/2

[Event "Zalakarosi Sakkfesztivál open"]
[Site "Zalakaros"]
[Date "2018.05.31"]
[Round "7.25"]
[White "Suta, Andraz"]
[Black "Tatarintsev, Egor"]
[Result "1/2-1/2"]
[WhiteElo "2212"]
[BlackElo "2125"]
[PlyCount "57"]
[EventDate "2018.05.25"]
[EventType "swiss"]
[EventRounds "9"]
[EventCountry "HUN"]

1. e4 e6 2. d4 d5 3. e5 c5 4. c3 Nc6 5. Nf3 Qb6 6. a3 Nh6 7. b4 cxd4 8. cxd4
Nf5 9. Be3 Bd7 10. Nc3 Nxb4 11. axb4 Nxe3 12. fxe3 Bxb4 13. Rc1 Rc8 14. Qd3 Qa5
15. Be2 Rxc3 16. Rxc3 Qa1+ 17. Kf2 Qxc3 18. Qb1 O-O 19. Rc1 Qa3 20. Rc2 Rc8 21.
Ra2 Rc1 22. Rxa3 Rxb1 23. Rxa7 f6 24. Ra8+ Kf7 25. Rh8 Rb2 26. Kf1 Rb1+ 27. Kf2
Rb2 28. Kf1 Rb1+ 29. Kf2 1/2-1/2

[Event "Zalakarosi Sakkfesztivál open"]
[Site "Zalakaros"]
[Date "2018.05.31"]
[Round "7.26"]
[White "Kincs, Imre"]
[Black "Hrbolka, Ladislav"]
[Result "1-0"]
[WhiteElo "2210"]
[BlackElo "2089"]
[PlyCount "63"]
[EventDate "2018.05.25"]
[EventType "swiss"]
[EventRounds "9"]
[EventCountry "HUN"]

1. d4 Nf6 2. Nf3 e6 3. Bg5 h6 4. Bh4 b6 5. e3 Bb7 6. Nbd2 Be7 7. a4 a5 8. c3
O-O 9. Qc2 d5 10. Bxf6 Bxf6 11. g4 Nd7 12. h4 Be7 13. Be2 Ba6 14. g5 h5 15.
Bxa6 Rxa6 16. g6 f5 17. Nf1 Qe8 18. Qe2 Ra8 19. Rg1 Rf6 20. Ng5 Rxg6 21. Qxh5
Rh6 22. Qf3 Nf8 23. Ng3 Rxh4 24. Nxe6 Qf7 25. Nxc7 Ra7 26. Nxd5 f4 27. Ne2 Bd6
28. e4 Qe6 29. e5 Bxe5 30. dxe5 Qxe5 31. O-O-O Ne6 32. Nxb6 1-0

[Event "Zalakarosi Sakkfesztivál open"]
[Site "Zalakaros"]
[Date "2018.05.31"]
[Round "7.27"]
[White "Biro, Sandor"]
[Black "Bai, Adelard"]
[Result "1-0"]
[WhiteElo "2191"]
[BlackElo "2042"]
[PlyCount "39"]
[EventDate "2018.05.25"]
[EventType "swiss"]
[EventRounds "9"]
[EventCountry "HUN"]

1. e4 d5 2. exd5 Nf6 3. Nc3 Nxd5 4. Bc4 e6 5. Nf3 c6 6. O-O Nxc3 7. bxc3 Bd6 8.
Re1 O-O 9. d4 b6 10. Bd3 Nd7 11. Qe2 Bb7 12. Qe4 g6 13. Ng5 Qf6 14. Qh4 Qg7 15.
Ne4 Bc7 16. Bh6 Qh8 17. Qe7 Rfd8 18. Bc4 Re8 19. Qxd7 Rac8 20. Re3 1-0

[Event "Zalakarosi Sakkfesztivál open"]
[Site "Zalakaros"]
[Date "2018.05.31"]
[Round "7.28"]
[White "Chubar, Vladimir"]
[Black "Sonnberger, Thomas"]
[Result "0-1"]
[WhiteElo "2011"]
[BlackElo "2186"]
[PlyCount "74"]
[EventDate "2018.05.25"]
[EventType "swiss"]
[EventRounds "9"]
[EventCountry "HUN"]

1. Nf3 d5 2. d4 Nf6 3. Bf4 c6 4. Nbd2 Bf5 5. e3 e6 6. Be2 Nbd7 7. Nh4 Be4 8. f3
Nh5 9. fxe4 Nxf4 10. exf4 Qxh4+ 11. g3 Qd8 12. e5 c5 13. Bb5 cxd4 14. Nb3 Bb4+
15. Kf1 O-O 16. Bxd7 Qxd7 17. Qxd4 Qb5+ 18. Kf2 Rfc8 19. c3 Rc4 20. Qd2 Rac8
21. Rac1 Ba5 22. Kg2 Bb6 23. Rhe1 h6 24. Re2 d4 25. Rd1 dxc3 26. bxc3 Rxc3 27.
Kh3 Qc4 28. Kg4 g6 29. Qe1 h5+ 30. Kg5 Bd8+ 31. Rxd8+ Rxd8 32. Nd2 Qc7 33. Ne4
Rc4 34. Nf6+ Kg7 35. Rd2 Qe7 36. Qd1 Rd5 37. h3 Qxf6# 0-1

[Event "Zalakarosi Sakkfesztivál open"]
[Site "Zalakaros"]
[Date "2018.05.31"]
[Round "7.29"]
[White "Medancic, Rikard"]
[Black "Szabo - Thomka, Daniel"]
[Result "1-0"]
[WhiteElo "2164"]
[BlackElo "1852"]
[PlyCount "71"]
[EventDate "2018.05.25"]
[EventType "swiss"]
[EventRounds "9"]
[EventCountry "HUN"]

1. d4 Nf6 2. Bg5 Ne4 3. Bf4 g5 4. Bc1 h6 5. Qd3 d5 6. f3 Nd6 7. e4 c6 8. Nc3
Na6 9. a3 Nc7 10. Nge2 Bg7 11. Ng3 Qd7 12. Nh5 Bf8 13. Be2 b6 14. exd5 Ba6 15.
Qe3 O-O-O 16. Bxa6+ Nxa6 17. dxc6 Qxc6 18. d5 Qc4 19. g4 Nc7 20. b3 Qa6 21. Bb2
Rg8 22. O-O-O Nb7 23. Qd3 Qxd3 24. Rxd3 Rg6 25. Rhd1 Rgd6 26. Ng3 Nc5 27. R3d2
Nd7 28. Nce4 Rg6 29. Nf5 Ne8 30. Nd4 Ne5 31. Nb5 Nxf3 32. Rf2 Nh4 33. Rxf7 Nf6
34. Nxf6 exf6 35. Nxa7+ Kb8 36. Nc6+ 1-0

[Event "Zalakarosi Sakkfesztivál open"]
[Site "Zalakaros"]
[Date "2018.05.31"]
[Round "7.30"]
[White "Diller, Denis"]
[Black "Piroska, Istvan"]
[Result "0-1"]
[WhiteElo "2008"]
[BlackElo "2159"]
[PlyCount "80"]
[EventDate "2018.05.25"]
[EventType "swiss"]
[EventRounds "9"]
[EventCountry "HUN"]

1. d4 d5 2. c4 e6 3. Nc3 Nf6 4. cxd5 exd5 5. Bg5 c6 6. e3 Be7 7. Bd3 Nbd7 8.
Nge2 Nh5 9. Bxe7 Qxe7 10. Qc2 g6 11. O-O O-O 12. Rab1 Nb6 13. b4 a6 14. a4 Be6
15. b5 cxb5 16. axb5 a5 17. Na4 Rfc8 18. Qa2 Nxa4 19. Qxa4 b6 20. Rfc1 Rxc1+
21. Rxc1 Rc8 22. Rc6 Qb7 23. Nc3 Nf6 24. e4 dxe4 25. Nxe4 Nxe4 26. Bxe4 Bd7 27.
Rxc8+ Qxc8 28. Bc6 Qe8 29. Kf1 Qe7 30. d5 Bf5 31. Qd4 Qb4 32. Qd1 Qc4+ 33. Kg1
Qc2 34. Qe1 Qb1 35. Qxb1 Bxb1 36. Kf1 a4 37. d6 Kf8 38. Bd5 a3 39. d7 Ke7 40.
Bxf7 a2 0-1

[Event "Zalakarosi Sakkfesztivál open"]
[Site "Zalakaros"]
[Date "2018.05.31"]
[Round "7.31"]
[White "Molnar, Erno"]
[Black "Tran, David"]
[Result "1-0"]
[WhiteElo "2243"]
[BlackElo "1892"]
[PlyCount "73"]
[EventDate "2018.05.25"]
[EventType "swiss"]
[EventRounds "9"]
[EventCountry "HUN"]

1. e4 e5 2. Nf3 Nc6 3. Bb5 a6 4. Ba4 Nf6 5. Qe2 b5 6. Bb3 Bc5 7. c3 d6 8. O-O
O-O 9. Rd1 Qe7 10. h3 Re8 11. d3 Bb6 12. Nbd2 a5 13. Nf1 a4 14. Bc2 b4 15. Be3
Bxe3 16. Nxe3 a3 17. Bb3 bxc3 18. bxc3 Be6 19. Rab1 Reb8 20. Qc2 Na5 21. Bxe6
fxe6 22. Rxb8+ Rxb8 23. Qa4 Ra8 24. Qxa3 Qe8 25. Rb1 Nc6 26. Qb3 Rb8 27. Qc2 d5
28. Rxb8 Qxb8 29. Qa4 Qb7 30. Ng5 Nd8 31. Ng4 Qb1+ 32. Kh2 Nxg4+ 33. hxg4 c6
34. Qa8 Qb6 35. Nxe6 Qxf2 36. Qxd8+ Kf7 37. Qf8+ 1-0

[Event "Zalakarosi Sakkfesztivál open"]
[Site "Zalakaros"]
[Date "2018.05.31"]
[Round "7.32"]
[White "Takac, Zvonko"]
[Black "Polajzer, Danilo"]
[Result "0-1"]
[WhiteElo "1977"]
[BlackElo "2273"]
[PlyCount "60"]
[EventDate "2018.05.25"]
[EventType "swiss"]
[EventRounds "9"]
[EventCountry "HUN"]

1. d4 Nf6 2. c4 c5 3. d5 g6 4. Nc3 Bg7 5. g3 O-O 6. Bg2 d6 7. e4 e6 8. Nge2
exd5 9. exd5 Nbd7 10. O-O Ne5 11. b3 Re8 12. Bg5 h6 13. Bf4 g5 14. Bxe5 Rxe5
15. Qd2 Qe7 16. Rae1 Bf5 17. f4 gxf4 18. gxf4 Re3 19. Ng3 Rxe1 20. Nxf5 Rxf1+
21. Bxf1 Qf8 22. Qg2 Kh8 23. Nb5 Ne8 24. Bd3 a6 25. Nxg7 Qxg7 26. Qxg7+ Kxg7
27. Nc3 Nf6 28. Kf2 Kf8 29. Ne2 Nh5 30. Nc3 Nxf4 0-1

[Event "Zalakarosi Sakkfesztivál open"]
[Site "Zalakaros"]
[Date "2018.05.31"]
[Round "7.33"]
[White "Fasser, Walter"]
[Black "Kosztolanczi, Gyula"]
[Result "0-1"]
[WhiteElo "1964"]
[BlackElo "2130"]
[PlyCount "104"]
[EventDate "2018.05.25"]
[EventType "swiss"]
[EventRounds "9"]
[EventCountry "HUN"]

1. c4 e5 2. Nc3 Nc6 3. e3 Nf6 4. d4 d6 5. Nf3 Be7 6. d5 Nb8 7. Be2 O-O 8. e4
Nbd7 9. Qc2 c6 10. dxc6 bxc6 11. O-O Nc5 12. Be3 Ne6 13. Rfd1 Ng4 14. Bc1 Qb6
15. Bf1 f5 16. h3 fxe4 17. Nxe4 Nf6 18. Be3 c5 19. Nxf6+ Rxf6 20. Ng5 Rg6 21.
Nxe6 Rxe6 22. Bd3 h6 23. Be4 Bb7 24. b3 Rf8 25. Qd3 Bxe4 26. Qxe4 Ref6 27. Rf1
Rf5 28. f4 exf4 29. Rxf4 Rxf4 30. Bxf4 Bf6 31. Rd1 Bd4+ 32. Be3 Be5 33. Rf1
Bh2+ 34. Kxh2 Rxf1 35. Bf4 Qd8 36. Qe6+ Kh8 37. Qxd6 Qxd6 38. Bxd6 Ra1 39. Bxc5
Rxa2 40. Kg3 a6 41. Bd6 Rd2 42. c5 Kg8 43. Kf3 Kf7 44. Ke3 Rxg2 45. Kd4 Ke6 46.
Kc4 Kd7 47. b4 Kc6 48. Be5 g5 49. Bd6 h5 50. Kd4 g4 51. hxg4 Rxg4+ 52. Kc3 Kb5
0-1

[Event "Zalakarosi Sakkfesztivál open"]
[Site "Zalakaros"]
[Date "2018.05.31"]
[Round "7.34"]
[White "Kovacs, Judit"]
[Black "Mitlasovszki, Imre"]
[Result "1-0"]
[WhiteElo "2127"]
[BlackElo "1925"]
[PlyCount "67"]
[EventDate "2018.05.25"]
[EventType "swiss"]
[EventRounds "9"]
[EventCountry "HUN"]

1. d4 d5 2. c4 e6 3. Nc3 Nf6 4. cxd5 exd5 5. Bg5 Nbd7 6. e3 Be7 7. Bd3 c6 8.
Qc2 O-O 9. Nge2 Re8 10. O-O Nf8 11. f3 Nh5 12. Bxe7 Qxe7 13. e4 dxe4 14. fxe4
Be6 15. Rf2 Rad8 16. Raf1 Nf6 17. h3 Qb4 18. a3 Qb3 19. Qb1 Re7 20. Bc2 Qb6 21.
Na4 Qc7 22. Bd3 a5 23. Rc1 Bc8 24. Qc2 Ng6 25. e5 Nd5 26. Nac3 Be6 27. Ne4 Ne3
28. Qd2 Nf5 29. Nf6+ Kh8 30. Bxf5 Bxf5 31. Rxf5 gxf6 32. exf6 Re6 33. Qh6 Rg8
34. Qxh7+ 1-0

[Event "Zalakarosi Sakkfesztivál open"]
[Site "Zalakaros"]
[Date "2018.05.31"]
[Round "7.35"]
[White "Bereczki, Janos"]
[Black "Tancsa, Tamas"]
[Result "1-0"]
[WhiteElo "2099"]
[BlackElo "1924"]
[PlyCount "103"]
[EventDate "2018.05.25"]
[EventType "swiss"]
[EventRounds "9"]
[EventCountry "HUN"]

1. d4 Nf6 2. c4 d6 3. g3 g6 4. Bg2 Bg7 5. Nc3 O-O 6. Nf3 Nbd7 7. O-O e5 8. dxe5
dxe5 9. Qc2 c6 10. b3 Re8 11. e3 Nc5 12. Rd1 Qc7 13. b4 Bf5 14. Qe2 Nd3 15. e4
Nxc1 16. Raxc1 Be6 17. a3 Rad8 18. h3 h6 19. Kh2 Bf8 20. Nd5 cxd5 21. cxd5 Qe7
22. dxe6 Qxe6 23. Qe3 Rxd1 24. Rxd1 Qb6 25. Qxb6 axb6 26. Ne1 Ra8 27. Rd3 Rc8
28. Re3 Rc4 29. Nf3 Rxe4 30. Nxe5 Rxe3 31. fxe3 Bd6 32. Nc4 Bc7 33. Bf3 Nh5 34.
Bxh5 gxh5 35. Kg2 Kg7 36. Kf3 Kf6 37. e4 b5 38. Ne3 Be5 39. Nd5+ Kg7 40. Nf4
Bb2 41. Nxh5+ Kh7 42. Nf4 Bxa3 43. Nd3 Kg6 44. Ke3 Kg5 45. Kf3 Kg6 46. h4 b6
47. Kf4 f6 48. Kg4 Kf7 49. Kf4 Kg6 50. g4 h5 51. gxh5+ Kxh5 52. Kf5 1-0

[Event "Zalakarosi Sakkfesztivál open"]
[Site "Zalakaros"]
[Date "2018.05.31"]
[Round "7.36"]
[White "Kertesz, Zsolt"]
[Black "Gaal, Zsoka"]
[Result "1-0"]
[WhiteElo "1879"]
[BlackElo "2095"]
[PlyCount "81"]
[EventDate "2018.05.25"]
[EventType "swiss"]
[EventRounds "9"]
[EventCountry "HUN"]

1. d4 Nf6 2. c4 g6 3. Nc3 d5 4. e3 Bg7 5. Qb3 dxc4 6. Bxc4 O-O 7. Nf3 b6 8. O-O
e6 9. Be2 Bb7 10. Qc2 Nbd7 11. Rd1 Qe7 12. b3 Rfc8 13. Bb2 c5 14. Qd2 cxd4 15.
Nxd4 Nc5 16. Bf3 e5 17. Bxb7 exd4 18. Bxc8 Nfe4 19. Nxe4 Nxe4 20. Qc2 dxe3 21.
fxe3 Bxb2 22. Qxb2 Rxc8 23. Rac1 Re8 24. Qd4 Qg5 25. Re1 h5 26. Rcd1 h4 27. Qd5
Qh6 28. Rd4 Nc5 29. Qf3 Qg5 30. Qg4 Qxg4 31. Rxg4 Nd3 32. Re2 Rc8 33. Rc4 Rd8
34. Rd4 Rxd4 35. exd4 Kf8 36. Rc2 Nb4 37. Rc8+ Kg7 38. a3 Nd3 39. g3 hxg3 40.
hxg3 b5 41. Kf1 1-0

[Event "Zalakarosi Sakkfesztivál open"]
[Site "Zalakaros"]
[Date "2018.05.31"]
[Round "7.37"]
[White "Csala, Imre"]
[Black "Smirnov, Mark A."]
[Result "1-0"]
[WhiteElo "2093"]
[BlackElo "1914"]
[PlyCount "65"]
[EventDate "2018.05.25"]
[EventType "swiss"]
[EventRounds "9"]
[EventCountry "HUN"]

1. d3 d5 2. Nf3 c5 3. g3 Nc6 4. Bg2 e5 5. O-O Nf6 6. Nc3 d4 7. Ne4 Nxe4 8. dxe4
Bd6 9. e3 Bg4 10. c3 dxc3 11. bxc3 O-O 12. h3 Be6 13. Qc2 Be7 14. Rd1 Qa5 15.
Nd2 c4 16. f4 f6 17. Bf1 b5 18. Rb1 Rfd8 19. Re1 a6 20. g4 Bc5 21. Kg2 Rd7 22.
a3 Rad8 23. Nf3 h6 24. Kg3 Qb6 25. h4 Na5 26. a4 Nb3 27. axb5 Qxb5 28. g5 hxg5
29. hxg5 a5 30. f5 Bf7 31. g6 Be8 32. Qh2 Qc6 33. Bxc4+ 1-0

[Event "Zalakarosi Sakkfesztivál open"]
[Site "Zalakaros"]
[Date "2018.05.31"]
[Round "7.38"]
[White "Szilagyi, Norbert"]
[Black "Konyves, Almos"]
[Result "0-1"]
[WhiteElo "2084"]
[BlackElo "1902"]
[PlyCount "116"]
[EventDate "2018.05.25"]
[EventType "swiss"]
[EventRounds "9"]
[EventCountry "HUN"]

1. e4 e5 2. Bc4 Nf6 3. Nc3 Nxe4 4. Nxe4 d5 5. Bd3 dxe4 6. Bxe4 Bc5 7. c3 Qh4 8.
Qe2 Bxf2+ 9. Kf1 Bxg1 10. Kxg1 O-O 11. g3 Qf6 12. d3 Bd7 13. h4 Na6 14. Bg5 Qd6
15. Rd1 f5 16. Bf3 h6 17. Be3 Bc6 18. Kh2 f4 19. gxf4 exf4 20. Bd4 Rae8 21. Qg2
Qe7 22. Kg1 Bxf3 23. Qxf3 Qe2 24. Qxe2 Rxe2 25. Rh2 Rxh2 26. Kxh2 Re8 27. Rd2
c5 28. Bf2 g5 29. Kh3 Kf7 30. Kg4 Kg6 31. hxg5 hxg5 32. d4 c4 33. d5 Nb8 34.
Bxa7 Nd7 35. Bd4 Re1 36. b3 cxb3 37. axb3 Rh1 38. Re2 Rh4+ 39. Kf3 Rh7 40. d6
Rh3+ 41. Ke4 Nf6+ 42. Bxf6 Kxf6 43. d7 Ke7 44. Rd2 Kd8 45. Kf5 Rxc3 46. Kxg5 f3
47. b4 Re3 48. Rf2 Kxd7 49. Kf4 Re8 50. Rd2+ Kc6 51. Kxf3 Kb5 52. Rb2 b6 53.
Rb1 Ka4 54. Kf4 b5 55. Kf3 Ka3 56. Kf4 Re2 57. Kf3 Rb2 58. Rxb2 Kxb2 0-1

[Event "Zalakarosi Sakkfesztivál open"]
[Site "Zalakaros"]
[Date "2018.05.31"]
[Round "7.39"]
[White "Gal, Lajos"]
[Black "Marton, Jozsef"]
[Result "0-1"]
[WhiteElo "1894"]
[BlackElo "2080"]
[PlyCount "58"]
[EventDate "2018.05.25"]
[EventType "swiss"]
[EventRounds "9"]
[EventCountry "HUN"]

1. f4 d5 2. Nf3 g6 3. e3 Bg7 4. d4 c5 5. Bb5+ Bd7 6. Bxd7+ Nxd7 7. O-O Ngf6 8.
Qe2 O-O 9. Nbd2 Qc7 10. Ne5 cxd4 11. Ndf3 dxe3 12. Bxe3 Rac8 13. c3 a6 14. Bd4
Ne4 15. Nd2 Nxd2 16. Nxd7 Bxd4+ 17. cxd4 Nxf1 18. Nxf8 Nxh2 19. Ne6 fxe6 20.
Qxe6+ Kg7 21. Re1 Rf8 22. Qxe7+ Qxe7 23. Rxe7+ Kf6 24. Rxh7 Ng4 25. Rxb7 Rc8
26. g3 Rc2 27. Kf1 Kf5 28. Rb6 Ne3+ 29. Ke1 Ke4 0-1

[Event "Zalakarosi Sakkfesztivál open"]
[Site "Zalakaros"]
[Date "2018.05.31"]
[Round "7.40"]
[White "Joo, Janos"]
[Black "Radics, Laszlo Dr."]
[Result "1/2-1/2"]
[WhiteElo "2071"]
[BlackElo "1881"]
[PlyCount "56"]
[EventDate "2018.05.25"]
[EventType "swiss"]
[EventRounds "9"]
[EventCountry "HUN"]

1. c4 f5 2. Nc3 Nf6 3. g3 g6 4. Bg2 Bg7 5. d3 Nc6 6. Rb1 d6 7. b4 e5 8. e3 Rb8
9. Nge2 O-O 10. O-O Be6 11. Nd5 Ne7 12. Nec3 c6 13. Nxf6+ Bxf6 14. b5 Qc7 15.
Qb3 g5 16. f4 Ng6 17. Ne2 c5 18. Bd2 b6 19. Nc3 Ne7 20. a4 Qd7 21. a5 Rbd8 22.
axb6 axb6 23. Nd5 Bxd5 24. cxd5 Ng6 25. fxg5 Bxg5 26. Bh3 Ne7 27. Rf2 Qb7 28.
e4 Bxd2 1/2-1/2

[Event "Zalakarosi Sakkfesztivál open"]
[Site "Zalakaros"]
[Date "2018.06.01"]
[Round "8.1"]
[White "Galyas, Miklos"]
[Black "Chakravarthi Reddy, M."]
[Result "1/2-1/2"]
[WhiteElo "2508"]
[BlackElo "2443"]
[PlyCount "84"]
[EventDate "2018.05.25"]
[EventType "swiss"]
[EventRounds "9"]
[EventCountry "HUN"]

1. c4 e5 2. g3 c6 3. d4 e4 4. Nc3 d5 5. Bg2 Bb4 6. Bd2 Ba5 7. Nh3 Ne7 8. O-O
Bxc3 9. Bxc3 Bxh3 10. Bxh3 dxc4 11. Qc2 Qd5 12. f3 exf3 13. Rxf3 O-O 14. Raf1
c5 15. Bf5 cxd4 16. Bxh7+ Kh8 17. Be4 Qc5 18. Rf5 Nxf5 19. Rxf5 Qxf5 20. Bxf5
dxc3 21. Qxc3 Nc6 22. Qxc4 Kg8 23. Qh4 g6 24. Bd3 Kg7 25. Qf4 Rfe8 26. h4 Re5
27. b4 a6 28. a4 Rae8 29. b5 axb5 30. axb5 Na5 31. g4 b6 32. Qd4 R8e6 33. Be4
Nb3 34. Qc3 Nc5 35. Bf3 f6 36. h5 gxh5 37. gxh5 Rg5+ 38. Kf1 Rd6 39. Qa1 Nd7
40. Qa8 Ne5 41. Bd5 Rf5+ 42. Kg2 Rg5+ 1/2-1/2

[Event "Zalakarosi Sakkfesztivál open"]
[Site "Zalakaros"]
[Date "2018.06.01"]
[Round "8.2"]
[White "Krykun, Yuriy"]
[Black "Aczel, Gergely"]
[Result "0-1"]
[WhiteElo "2338"]
[BlackElo "2567"]
[PlyCount "173"]
[EventDate "2018.05.25"]
[EventType "swiss"]
[EventRounds "9"]
[EventCountry "HUN"]

1. d4 Nf6 2. c4 e6 3. Nc3 Bb4 4. Qc2 O-O 5. Nf3 c5 6. dxc5 Na6 7. g3 Nxc5 8.
Bg2 Nce4 9. O-O Bxc3 10. bxc3 Qc7 11. Nd4 d5 12. cxd5 exd5 13. Bf4 Qc5 14. Rac1
b6 15. f3 Nd6 16. Rfd1 Nc4 17. Qb3 Nh5 18. Bd2 Bd7 19. Qb4 Qc7 20. Be1 Rfe8 21.
Bf2 Nf6 22. Re1 h6 23. Qb1 Rac8 24. Qd3 Ne5 25. Qb1 Qd6 26. Qb4 Qc7 27. Qb1 Qd8
28. Nb3 Nc4 29. Nd4 Ne3 30. Qd3 Qe7 31. Bh1 Nc4 32. Nc2 Ne5 33. Qd2 Bf5 34. Ne3
Be6 35. Qd4 Nc6 36. Qa4 Bd7 37. Qb3 Be6 38. Qa4 Qc7 39. c4 d4 40. Nd5 Bxd5 41.
cxd5 Nxd5 42. Bxd4 b5 43. Qa3 Qb8 44. Bf2 b4 45. Qa6 Nc3 46. f4 Re6 47. Kf1 Nd4
48. Qd3 Ndxe2 49. Rc2 Rce8 50. Bf3 Rd6 51. Qc4 Rc8 52. Qb3 Nd4 53. Bxd4 Rxd4
54. Re7 Qb5+ 55. Kg1 Rd1+ 56. Bxd1 Qc5+ 57. Kg2 Qxe7 58. Bf3 a5 59. a3 Qd6 60.
axb4 axb4 61. Rb2 Rb8 62. Qc4 g6 63. h4 h5 64. f5 Kg7 65. fxg6 fxg6 66. g4 hxg4
67. Qxg4 Kh7 68. Qg5 Rb5 69. Qe3 Nd5 70. Qa7+ Kh6 71. Qf2 Nf4+ 72. Kh1 Ra5 73.
Rb1 Ra3 74. Rd1 Rd3 75. Rxd3 Qxd3 76. Qg3 Qf5 77. Bd1 Nd5 78. Bc2 Qf1+ 79. Kh2
Qe2+ 80. Kh1 Qxc2 81. Qg5+ Kh7 82. Qxd5 Qc1+ 83. Kg2 Qf4 84. h5 Qg4+ 85. Kf2
Qf5+ 86. Qxf5 gxf5 87. Ke3 0-1

[Event "Zalakarosi Sakkfesztivál open"]
[Site "Zalakaros"]
[Date "2018.06.01"]
[Round "8.3"]
[White "Chernyshov, Konstantin"]
[Black "Ianov, Viktor"]
[Result "1-0"]
[WhiteElo "2478"]
[BlackElo "2285"]
[PlyCount "61"]
[EventDate "2018.05.25"]
[EventType "swiss"]
[EventRounds "9"]
[EventCountry "HUN"]

1. e4 d6 2. d4 Nf6 3. Nc3 c6 4. f4 Qa5 5. e5 Ne4 6. Qf3 d5 7. Bd3 Na6 8. Nge2
g6 9. O-O Nxc3 10. bxc3 e6 11. c4 Bd7 12. Rd1 h5 13. Bd2 Bb4 14. c3 Be7 15.
cxd5 Qxd5 16. Qe3 Qa5 17. Rdb1 O-O-O 18. c4 Bb4 19. Rxb4 Nxb4 20. a3 c5 21.
dxc5 Bc6 22. Bxb4 Qc7 23. Nd4 Qd7 24. Bc3 Rhe8 25. Rb1 Re7 26. Bc2 a6 27. Nxc6
Qxc6 28. Rb6 Qe8 29. c6 bxc6 30. Ba4 Rc7 31. Bb4 1-0